Biometrics using complex eye movements / (Record no. 328770)

000 -LEADER
fixed length control field 00506nam a22001457a 4500
082 ## - DEWEY DECIMAL CLASSIFICATION NUMBER
Classification number MSCS-4 IAR
100 ## - MAIN ENTRY--PERSONAL NAME
Personal name Asfand Iar
245 ## - TITLE STATEMENT
Title Biometrics using complex eye movements /
Statement of responsibility, etc. Asfand Iar
260 ## - PUBLICATION, DISTRIBUTION, ETC.
Place of publication, distribution, etc. Islamabad
Name of publisher, distributor, etc. NUST-SEECS
Date of publication, distribution, etc. 2016
300 ## - PHYSICAL DESCRIPTION
Extent 47p.
Accompanying material CD Includes
856 ## - Uniform Resource Identifier
Uniform Resource Identifier <a href="http://10.250.8.41:8080/xmlui/handle/123456789/8252">http://10.250.8.41:8080/xmlui/handle/123456789/8252</a>
942 ## - ADDED ENTRY ELEMENTS (KOHA)
Source of classification or shelving scheme
Koha item type Thesis
Holdings
Withdrawn status Lost status Source of classification or shelving scheme Damaged status Not for loan Collection code Permanent Location Current Location Shelving location Date acquired Source of acquisition Total Checkouts Full call number Barcode Date last seen Price effective from Koha item type Non-public note
            Central Library (CL) Central Library (CL) General Stacks 04/17/2017 NUST-SEECS   MSCS-4 IAR SEECSP02004 04/17/2017 04/17/2017 Thesis  
            Central Library (CL) Central Library (CL) Thesis 10/10/2019     005 MSCS-4 IAR CL-T-3618 10/10/2019 10/10/2019 Thesis Minute Sheet No. 0929/02/CL/Survey/5 dated 23rd April 2024 E-MIN ID 114741
© 2023 Central Library, National University of Sciences and Technology. All Rights Reserved.